Sławni ludzie po jednej podpowiedzi - Statystyki

Ogólne statystyki
  • Ten quiz został rozwiązany 176 razy
  • Średni wynik to 6 z 12
Statystyki odpowiedzi
Podpowiedź Osoba % Poprawnych
Odkryła dwa pierwiastki. Maria Skłodowska-Curie
92%
Nie ma fal. Dawid Podsiadło
72%
Lektorka filmów przyrodniczych. Krystyna Czubówna
67%
Stworzył człowieka witruwiańskiego. Leonardo da Vinci
67%
Malarz. Urodził się w Maladze. Pablo Picasso
56%
Reżyser. Do jego filmów należą między innymi "Szczęki", "Park Jurajski" czy "Most Szpiegów". Steven Spielberg
47%
Polska aktorka. Grała w filmach takich jak "Kingsajz", "Kiler" czy "Zemsta". Katarzyna Figura
44%
Polski aktor teatralny i filmowy. Grał w filmach takich jak "Dzień Świra" czy "Kiler-ów dwóch". Marek Kondrat
42%
Wokalista aktywny w latach 1969–1991. Urodził się w Tanzanii. Freddie Mercury
31%
Wcielił się w jedną z głównych postaci w "Gwiezdnych Wojnach". Harrison Ford
28%
Autor utworów takich jak "Englishman in New York" czy "Shape of my heart" Sting
28%
Wiecznie żywy Elvis Presley
24%
Nie znaleziono quizów pasujących do podanych kryteriów
Rozkład punktacji
Procent ludzi z każdym wynikiem
Percentyl według liczby udzielonych odpowiedzi
Twoja historia wyników
Nie rozwiązałeś tego quizu